[Event "2nd Thailand Pattaya Open 2019"]
[Site "Pattaya"]
[Date "2019.10.28"]
[Round "7.1"]
[White "Villamayor, Buenaventura"]
[Black "Kulpruethanon, Thanadon"]
[Result "0-1"]
[WhiteElo "2371"]
[BlackElo "2216"]
[Annotator "TA"]
[PlyCount "125"]
[EventDate "2019.10.23"]
[EventType "swiss"]
[EventCountry "THA"]
[SourceTitle "playchess.com"]
[Source "ChessBase"]
[SourceQuality "1"]

{[%evp 20,125,0,5,12,0,0,0,0,0,0,-1,0,-14,0,0,12,6,20,25,37,30,30,33,30,27,18,0,23,1,1,4,3,0,8,0,9,0,0,0,0,-28,-25,-24,-28,-23,-28,-36,-35,-36,-30,-21,-1,-40,-41,-41,-41,-50,-50,-50,-42,-59,-61,-66,-67,-77,-68,-118,-97,-102,-94,-102,-87,-100,-93,-87,-72,-72,-72,-72,-52,-68,-42,-42,-23,-21,-24,-122,-8,-24,-24,-588,-588,-584,-568,-2381,-2107,-1512,-1447,-29962,-29964,-29972,-29973,-29972,-29974,-29973,-29975,-29976]} 1. c4 c5 2. g3 g6 3. Bg2 Bg7 4. Nc3 Nc6 5. Nf3 d6 6. O-O e6 7. e3 Nge7 8. d4 O-O 9. b3 cxd4 10. Nxd4 Nxd4 11. exd4 d5 {A36: Symmetrical English vs ...g6: 4 Bg2 Bg7} (11... Nf5 12. Ne2 Rb8 13. a4 b6 14. Ra2 Re8 15. d5 e5 16. Nc3 a5 17. Ne4 Nd4 18. Bg5 f6 19. Be3 {0-1 (47) Mikhalevski,V (2580)-Santos Latasa,J (2585) Budapest 2019}) 12. cxd5 (12. Ba3 {keeps more tension.} dxc4 13. Rc1 cxb3 14. Qxb3 Bd7 15. Qxb7 Rb8 16. Qa6) 12... Nxd5 13. Nxd5 exd5 {The position is equal.} 14. Be3 Qa5 15. Rc1 $146 ({Predecessor:} 15. Qe1 Qb6 16. Bxd5 Bh3 17. Bg2 Bxg2 18. Kxg2 Bxd4 19. Bxd4 Qxd4 20. Rd1 Qb6 21. Qe4 Rfe8 22. Qf3 Re7 {½-½ (22) Mudrak,J (2285)-Vesselovsky,S (2435) Czechia 1997}) 15... Be6 16. a4 Rac8 17. Qd3 Bf5 18. Qb5 Qxb5 19. axb5 Bd3 20. Rxc8 Rxc8 21. Ra1 Bxb5 22. Rxa7 Bc6 23. Bf1 Bf6 24. Bh3 Re8 25. b4 Kg7 26. Bg2 Rc8 27. Bh3 Re8 28. Bf1 {Threatens to win with b5.} Bd8 29. Ra1 Bb6 30. Rd1 Bd7 31. Bg2 Bg4 32. Rd2 Be6 33. h4 Rc8 34. Bf4 Rc1+ 35. Kh2 Bc7 {White must now prevent ...Bxf4.} (35... h5 {is more complex.} 36. Bf3 Kf8 37. Bd6+ Ke8 38. Bc5 Bd8) 36. Bxc7 (36. Be5+ {seems wilder.} Kf8 37. Re2 h5 38. Bxc7 Rxc7 39. Re5) 36... Rxc7 $11 {[%mdl 4096] Endgame KRB-KRB} 37. Bf1 Rc1 38. Bd3 Rc3 39. b5 Rb3 40. Bf1 Bd7 41. Rc2 Bxb5 42. Bxb5 Rxb5 $15 {KR-KR} 43. Rc7 h5 44. Kg2 Kf6 45. Kf3 Ke6 46. Ke3 Rb3+ 47. Kf4 Rd3 48. Rxb7 Rxd4+ 49. Ke3 Re4+ 50. Kd3 f6 51. Rg7 Kf5 52. Rd7 Re5 53. Rd6 (53. Rd8 $11) 53... g5 (53... Re6 $1 $17 {[%cal Re6d6]} 54. Rxd5+ Kg4 55. Rd4+ Kh3) 54. hxg5 fxg5 55. f3 $2 {[%mdl 8192]} (55. Kd4 $11 {and White stays safe.}) 55... h4 $19 56. gxh4 gxh4 57. Rh6 Kg5 58. Rh8 {[#]} Re6 $1 {[%cal Re6h6]} 59. Kd4 {[#]} Rh6 $1 {Black mates.} 60. f4+ Kh5 61. Rg8 h3 62. Rg1 h2 63. Rf1 {Accuracy: White = 44%, Black = 64%.} 0-1

[Event "2nd Thailand Pattaya Open 2019"]
[Site "Pattaya"]
[Date "2019.10.28"]
[Round "7.2"]
[White "Gomez, John Paul"]
[Black "Yaniuk, Volodymyr"]
[Result "1-0"]
[WhiteElo "2433"]
[BlackElo "2189"]
[Annotator "TA"]
[PlyCount "123"]
[EventDate "2019.10.23"]
[EventType "swiss"]
[EventCountry "THA"]
[SourceTitle "playchess.com"]
[Source "ChessBase"]
[SourceQuality "1"]

{[%evp 17,123,34,52,43,45,39,32,37,29,23,58,33,69,69,64,63,63,39,66,55,61,61,54,62,68,36,58,42,50,30,35,37,47,45,45,41,47,45,58,57,68,58,60,72,73,63,113,72,73,46,58,48,54,40,55,23,79,79,94,0,0,0,0,0,8,8,8,8,8,8,8,8,8,8,8,8,8,8,8,8,22,0,8,8,8,8,8,8,8,8,8,8,5413,5413,5409,5081,29974,29976,29975,29977,29976,29976,29979,29981,29979,29981,29987,29988]} 1. Nf3 Nf6 2. c4 e6 3. d4 d5 4. Nc3 Bb4 5. e3 O-O 6. Bd3 b6 7. cxd5 exd5 8. O-O Bxc3 9. bxc3 Ba6 10. Bxa6 {E52: Nimzo-Indian: Rubinstein: 4...0-0 5 Nf3 d5 6 Bd3 b6} (10. Ba3 Re8 11. Ne5 Bxd3 12. Qxd3 c5 13. Rad1 Qc7 14. c4 cxd4 15. exd4 Nbd7 16. Nxd7 Qxd7 17. c5 h6 18. cxb6 axb6 {0-1 (40) Abdrlauf,E (2073)-Boruchovsky,A (2542) chess.com INT 2018}) 10... Nxa6 11. c4 $146 ({Predecessor:} 11. Qa4 Nb8 12. c4 Nbd7 13. cxd5 Nxd5 14. e4 Ne7 15. Ba3 Re8 16. Rfd1 Ng6 17. e5 Ndf8 {0-1 (36) Ivanovic,N (2224)-Mitrovic,G (1897) Belgrade 2009}) 11... c5 12. Qa4 {White is slightly better.} Qc8 13. cxd5 Nxd5 14. Bb2 cxd4 15. Qxd4 {[%csl Gb2][%cal Rd4g7]} Nf6 16. Qh4 Qf5 17. Rfd1 Nc5 18. Bxf6 Qxf6 19. Qxf6 gxf6 20. Nd4 Rfd8 21. Nf5 Kf8 22. f3 Ne6 23. Rac1 Rxd1+ 24. Rxd1 Rd8 25. Rxd8+ Nxd8 $14 {[%mdl 4096] Endgame KN-KN} 26. Kf2 Nc6 27. Ke2 Nb4 28. a3 Nc2 29. a4 Nb4 30. Kd2 Nc6 31. Kc3 a6 32. Kc4 Ke8 33. Nd6+ Kd7 34. Nxf7 Ke6 35. Nh6 Ne5+ 36. Kc3 f5 {[#]} (36... Nd7 $11) 37. f4 $1 $16 {[%cal Rf4e5]} Nd7 38. h3 (38. Kd4 $16) 38... Nc5 $11 39. Kb4 Nd3+ 40. Kb3 Nf2 41. g4 Nxh3 {Hoping for ...fxg4.} 42. Nxf5 Nf2 43. Nd4+ Kd5 44. g5 Ng4 45. Nc2 Ke4 46. Kc3 Nf2 47. Kd2 Nd3 48. f5 {Strongly threatening g6.} Nc5 49. f6 Kf5 50. Nd4+ Kg6 {Black wants to play ...Ne4+.} 51. Nf3 h6 52. Ne5+ Kxg5 53. f7 Ne6 54. Nd7 b5 $2 {[%mdl 8192]} (54... h5 $11) 55. a5 $18 {[%cal Ba4a5,Ba5a6][%mdl 32]} h5 {[#]} 56. Nc5 $1 {[%mdl 512]} Nf8 (56... Nxc5 57. f8=Q) 57. Nxa6 {White mates.} h4 58. Nc5 h3 59. Ne4+ Kh4 60. a6 h2 61. Nf2 Kg3 62. Ke2 {Accuracy: White = 72%, Black = 48%.} 1-0

[Event "2nd Thailand Pattaya Open 2019"]
[Site "Pattaya"]
[Date "2019.10.28"]
[Round "7.3"]
[White "Saptarshi, Roy"]
[Black "Thet Naung"]
[Result "1-0"]
[WhiteElo "2456"]
[BlackElo "2271"]
[Annotator "TA"]
[PlyCount "45"]
[EventDate "2019.10.23"]
[EventType "swiss"]
[EventCountry "THA"]
[SourceTitle "playchess.com"]
[Source "ChessBase"]
[SourceQuality "1"]

{[%evp 15,49,16,31,18,70,66,96,82,102,82,128,128,157,132,146,129,204,193,243,248,255,253,218,209,306,184,653,642,29982,29983,29990,2246,1934,1975,1588,1553]} 1. e4 e6 2. d4 d5 3. Nc3 Nf6 4. Bg5 dxe4 5. Nxe4 Be7 6. Bxf6 Bxf6 7. Nf3 Nd7 8. Bd3 Be7 9. Qe2 {C13: French: Classical System: 4 Bg5 Be7, Alekhine-Chatard Attack} Nf6 $146 ({Black should try} 9... O-O $11) (9... c5 10. dxc5 O-O 11. O-O-O Qc7 12. Kb1 f5 13. Neg5 Nxc5 14. Bc4 Qb6 15. Rhe1 Bf6 16. Bb3 a5 {0-1 (32) Matinian,N (2499)-Ponkratov,P (2590) St Petersburg 2017}) 10. O-O-O $14 O-O 11. Nxf6+ {White is better.} Bxf6 12. h4 g6 13. h5 Bg7 14. Kb1 Qf6 15. c3 Bd7 (15... Rd8 $16 16. Be4 Bd7) 16. Ne5 $18 Rfd8 17. Rh3 Be8 18. hxg6 hxg6 19. Rdh1 {Black must now prevent Qg4.} c5 (19... Rd5 {keeps fighting.} 20. Be4 Rxe5 21. dxe5 Qxe5) 20. Ng4 Qe7 $2 {[#]} (20... Qg5) 21. Qe5 $3 {[%mdl 512]} f6 (21... Bxe5 22. dxe5) 22. Qh2 $1 Kf7 {[#]} 23. Ne5+ {Played: Rh3-h7} 1-0

[Event "2nd Thailand Pattaya Open 2019"]
[Site "Pattaya"]
[Date "2019.10.28"]
[Round "7.4"]
[White "Grafil, Franz Robert"]
[Black "Pascua, Haridas"]
[Result "0-1"]
[WhiteElo "2231"]
[BlackElo "2425"]
[Annotator "TA"]
[PlyCount "52"]
[EventDate "2019.10.23"]
[EventType "swiss"]
[EventCountry "THA"]
[SourceTitle "playchess.com"]
[Source "ChessBase"]
[SourceQuality "1"]

{[%evp 9,52,-13,22,18,35,0,-4,0,0,-16,-22,-43,-31,-43,-43,-49,-38,-56,-45,-75,-77,-85,-82,-72,-47,-59,-58,-80,-65,-95,-58,-136,-110,-128,-133,-171,-174,-387,-387,-564,-553,-762,-749,-700,-561]} 1. d4 d5 2. Bf4 Nf6 3. e3 c5 4. c3 Nc6 5. Nd2 Qb6 6. Qb3 {D00: 1 d4 d5: Unusual lines} c4 (6... Nh5 7. Qxb6 axb6 8. Bc7 cxd4 9. exd4 e5 10. Bxe5 Nxe5 11. dxe5 Bc5 12. g3 O-O {1-0 (76) Aronian,L (2765)-Caruana,F (2832) London 2018}) 7. Qxb6 axb6 8. a3 {The position is equal.} b5 9. Rc1 Bf5 10. h3 h5 11. Ngf3 Nd7 $146 ({Predecessor:} 11... e6 12. Be2 Be7 {½-½ (27) Mufic,G (2363)-Rosandic,D (2262) Pula 1999}) 12. Be2 Nb6 13. Bd1 Bd3 14. Bc2 {[#]} Bxc2 $1 15. Rxc2 {[#]} b4 $1 16. Nb1 bxa3 17. Nxa3 e6 18. Ke2 Kd7 19. Nd2 Be7 20. Rhc1 (20. Rb1 $15) 20... Ra6 {[%cal Ba8a6,Ba6b6,Bb6b3][%mdl 32]} 21. f3 Rha8 22. Ndb1 Na4 {Hoping for ...Rb6.} 23. e4 $2 (23. Nd2) 23... Rb6 $19 24. Rd1 (24. Nxc4 $142 dxc4 25. Nd2) 24... Nxb2 {Black is clearly winning.} 25. Bc1 Nxd1 26. Kxd1 Rb3 {Accuracy: White = 25%, Black = 73%.} 0-1

[Event "2nd Thailand Pattaya Open 2019"]
[Site "Pattaya"]
[Date "2019.10.28"]
[Round "7.5"]
[White "Schebler, Gerhard"]
[Black "Arunnuntapanich, Tinnakrit"]
[Result "1-0"]
[WhiteElo "2398"]
[BlackElo "2025"]
[Annotator "RC"]
[PlyCount "105"]
[EventDate "2019.10.23"]
[EventType "swiss"]
[EventCountry "THA"]
[SourceTitle "playchess.com"]
[Source "ChessBase"]
[SourceQuality "1"]
[TimeControl "5400+30"]

1. Nf3 {[%emt 0:00:00]} Nf6 {[%emt 0:00:00]} 2. d4 {[%emt 0:00:06]} g6 {[%emt 0:01:50]} 3. c4 {[%emt 0:00:08]} Bg7 {[%emt 0:00:10]} 4. Nc3 {[%emt 0:00:06]} O-O {[%emt 0:00:10]} 5. e4 {[%emt 0:00:06]} d6 {[%emt 0:00:03]} 6. Be2 {[%emt 0:00:06]} e5 {[%emt 0:00:07]} 7. Be3 {[%emt 0:00:05]} Ng4 {[%emt 0:09:35]} 8. Bg5 {[%emt 0:00:13]} f6 {[%emt 0:00:05]} 9. Bh4 {[%emt 0:00:04]} Nc6 {[%emt 0:09:28]} 10. d5 {[%emt 0:02:14]} Ne7 {[%emt 0:02:19]} 11. Nd2 {[%emt 0:00:05]} h5 {[%emt 0:02:10]} 12. h3 {[%emt 0:00:05]} Nh6 {[%emt 0:00:06]} 13. g4 {[%emt 0:00:02]} hxg4 {[%emt 0:00:49]} 14. hxg4 {[%emt 0:00:05]} Nf7 {[%emt 0:01:13]} 15. Qb3 {[%emt 0:01:17]} Rb8 {[%emt 0:03:50]} 16. a4 {[%emt 0:12:47]} Bd7 {[%emt 0:01:50]} 17. a5 {[%emt 0:00:43]} a6 {[%emt 0:05:51]} 18. Qa3 {[%emt 0:00:43]} c5 {[%emt 0:21:33]} 19. b4 {[%emt 0:00:28]} cxb4 {[%emt 0:02:52]} 20. Qxb4 {[%emt 0:00:09]} b6 {[%emt 0:00:47]} 21. f3 {[%emt 0:15:39]} bxa5 {[%emt 0:05:55]} 22. Qxa5 {[%emt 0:00:06]} Qxa5 {[%emt 0:00:43]} 23. Rxa5 {[%emt 0:00:05]} Ra8 {[%emt 0:02:32]} 24. Kd1 {[%emt 0:00:17]} Nd8 {[%emt 0:00:52]} 25. Bf2 {[%emt 0:01:47]} Nb7 {[%emt 0:01:04]} 26. Ra3 {[%emt 0:00:09]} Rfb8 {[%emt 0:03:39]} 27. Kc2 {[%emt 0:01:07]} Nc8 {[%emt 0:08:21]} 28. Nb3 {[%emt 0:00:35]} Bf8 {[%emt 0:01:26]} 29. Rha1 {[%emt 0:00:19]} Be7 {[%emt 0:03:51]} 30. Rxa6 {[%emt 0:00:17]} Rxa6 {[%emt 0:00:04]} 31. Rxa6 {[%emt 0:00:05]} Kf7 {[%emt 0:00:38]} 32. Na4 {[%emt 0:01:44]} Ke8 {[%emt 0:04:22]} 33. Nb6 {[%emt 0:01:14]} Nxb6 {[%emt 0:05:08]} 34. Bxb6 {[%emt 0:00:13]} Rc8 {[%emt 0:01:03]} 35. Ra7 {[%emt 0:01:23]} Nd8 {[%emt 0:00:14]} 36. Bc7 {[%emt 0:00:39]} Nf7 {[%emt 0:01:47]} 37. Bb6 {[%emt 0:08:19]} f5 {[%emt 0:00:48]} 38. gxf5 {[%emt 0:01:05]} gxf5 {[%emt 0:00:01]} 39. Nd2 {[%emt 0:03:24]} Bd8 {[%emt 0:01:20]} 40. Be3 {[%emt 0:01:06]} Bg5 {[%emt 0:00:18]} 41. Bxg5 {[%emt 0:01:44]} Nxg5 {[%emt 0:00:01]} 42. Kc3 {[%emt 0:00:09]} fxe4 {[%emt 0:01:20]} 43. fxe4 {[%emt 0:00:04]} Rb8 {[%emt 0:00:38]} 44. Bd1 {[%emt 0:00:18]} Kd8 {[%emt 0:00:25]} 45. Bc2 {[%emt 0:01:05]} Nh3 {[%emt 0:00:29]} 46. c5 {[%emt 0:00:15]} dxc5 {[%emt 0:00:20]} 47. Nc4 {[%emt 0:00:04]} Nf4 {[%emt 0:00:44]} 48. Nxe5 {[%emt 0:00:06]} Be8 {[%emt 0:00:12]} 49. Bd1 {[%emt 0:05:23]} Rb6 {[%emt 0:00:49]} 50. Bg4 {[%emt 0:01:01]} Bb5 {[%emt 0:00:33]} 51. d6 {[%emt 0:00:33]} Ra6 {[%emt 0:00:34]} 52. Rxa6 {[%emt 0:00:14]} Bxa6 {[%emt 0:00:06]} 53. Nc6+ {[%emt 0:00:07]} 1-0

[Event "2nd Thailand Pattaya Open 2019"]
[Site "Pattaya"]
[Date "2019.10.28"]
[Round "7.6"]
[White "Tan, Jun Ying"]
[Black "Turqueza, Mari Joseph"]
[Result "1/2-1/2"]
[WhiteElo "2090"]
[BlackElo "2317"]
[Annotator "TA"]
[PlyCount "46"]
[EventDate "2019.10.23"]
[EventType "swiss"]
[EventCountry "THA"]
[SourceTitle "playchess.com"]
[Source "ChessBase"]
[SourceQuality "1"]

{[%evp 22,46,27,25,39,9,33,33,33,33,33,34,32,41,38,23,18,-10,-1,0,0,0,0,0,0,0,0]} 1. d4 Nf6 2. c4 e6 3. Nc3 Bb4 4. e3 O-O 5. Bd3 d5 6. Nf3 c5 7. O-O cxd4 8. exd4 dxc4 9. Bxc4 Nc6 10. Bg5 Be7 11. Re1 a6 12. Bb3 h6 {D27: Queen's Gambit Accepted: Classical main line: 7 e4!? and 7 a4} (12... Bd7 13. Qd3 Nb4 14. Qe2 Bc6 15. Rad1 Bd5 16. Nxd5 Nbxd5 17. Ne5 Rc8 18. Rd3 Qc7 19. Rg3 Kh8 20. Rh3 {½-½ (46) Gelfand,B (2759)-Karjakin,S (2770) Sochi 2014}) 13. Be3 b5 $146 ({Predecessor:} 13... Na5) 14. d5 exd5 {White is slightly better.} 15. Nxd5 Nxd5 16. Qxd5 Qxd5 17. Bxd5 Bb7 18. Rac1 $36 {[%mdl 2048] White has good play.} Rac8 19. Bc5 {The position is equal.} (19. Nd4 {seems wilder.} Nxd4 20. Bxb7 Rxc1 21. Bxc1 Bf6 22. Kf1) 19... Bxc5 20. Rxc5 Na5 21. Rxc8 $1 Rxc8 22. Bxb7 Nxb7 23. Kf1 Kf8 1/2-1/2

[Event "2nd Thailand Pattaya Open 2019"]
[Site "Pattaya"]
[Date "2019.10.29"]
[Round "8.1"]
[White "Kulpruethanon, Thanadon"]
[Black "Gomez, John Paul"]
[Result "1/2-1/2"]
[WhiteElo "2216"]
[BlackElo "2433"]
[Annotator "TA"]
[PlyCount "26"]
[EventDate "2019.10.23"]
[EventType "swiss"]
[EventCountry "THA"]
[SourceTitle "playchess.com"]
[Source "ChessBase"]
[SourceQuality "1"]

{[%evp 19,26,31,24,21,30,18,31,0,2]} 1. e4 e6 2. d4 d5 3. Bd3 c5 4. exd5 exd5 5. Nf3 c4 6. Be2 Bd6 7. b3 cxb3 8. axb3 Nc6 9. O-O Nge7 10. c4 O-O 11. Nc3 {B22: Sicilian: 2 c3} a6 12. Ba3 (12. Bg5 f6 13. Bh4 Be6 14. Bg3 Kh8 15. c5 Bxg3 16. hxg3 Bg4 17. Re1 Nf5 18. Ra2 Qd7 {1-0 (89) Onischuk,V (2628)-Ali Marandi,C (2476) Gjakova 2016}) 12... Bg4 13. Bc5 $146 ({Don't play} 13. cxd5 Bxa3 14. dxc6 (14. Rxa3 Nxd5 15. Nxd5 Qxd5 $15) 14... Bb2 $15) ({Predecessor:} 13. h3 Bxa3 14. Rxa3 Bh5 15. Re1 Re8 16. Ne5 Bxe2 17. Rxe2 Qb6 18. Nxc6 Nxc6 19. Nxd5 Qxd4 20. Rd2 Qe4 21. Raa2 Qe1+ 22. Kh2 Qxd1 23. Rxd1 Rad8 24. Rad2 f6 25. Ne7+ Rxe7 {½-½ (25) Heiermann,L (2001)-Acedanski,J ICCF email 2001}) 13... Bxc5 1/2-1/2

[Event "2nd Thailand Pattaya Open 2019"]
[Site "Pattaya"]
[Date "2019.10.29"]
[Round "8.2"]
[White "Pascua, Haridas"]
[Black "Saptarshi, Roy"]
[Result "1/2-1/2"]
[WhiteElo "2425"]
[BlackElo "2456"]
[Annotator "TA"]
[PlyCount "96"]
[EventDate "2019.10.23"]
[EventType "swiss"]
[EventCountry "THA"]
[SourceTitle "playchess.com"]
[Source "ChessBase"]
[SourceQuality "1"]

{[%evp 10,96,72,44,61,72,80,50,64,0,10,31,13,0,0,0,0,0,0,-14,-4,-29,-19,-29,0,0,15,19,19,8,44,18,60,57,62,48,62,45,55,65,65,62,64,64,71,56,58,32,150,150,150,150,152,150,143,137,133,109,107,110,157,158,166,108,134,77,196,37,140,25,30,0,37,0,0,0,0,0,0,0,0,0,0,0,0,0,0,0,0]} 1. d4 d5 2. c4 Nc6 3. Nf3 Bg4 4. Nc3 {[%cal Bb1c3,Bc3a4,Ba4c5][%mdl 32]} Nf6 5. Ne5 Nxe5 6. dxe5 {[%cal Rc4d5]} d4 {D07: Queen's Gambit: Chigorin Defence} 7. Na4 Ng8 ({Don't blunder} 7... Ne4 $2 8. f3 $18) 8. Nc5 c6 {White is slightly better.} 9. Qa4 $146 ({And not} 9. Nxb7 Qb6 $17) (9. Nb3 $14) ({Predecessor:} 9. Nd3 e6 10. Qb3 Qc7 11. e3 dxe3 12. Bxe3 Ne7 13. h3 Bh5 14. g4 Bg6 15. O-O-O b6 16. Bg2 h5 17. Nb4 f6 18. Rd6 Rc8 19. Rxe6 fxe5 20. Bxc6+ Kf7 21. c5 {1-0 (21) Swapnil,S (2474)-Kiran,M (2179) New Delhi 2013}) 9... Qc7 $11 10. Bf4 e6 11. Ne4 Nf6 $1 {[%cal Rf6e4]} 12. Nd6+ Bxd6 $1 13. exd6 Qb6 14. b4 {[%cal Bb2b4,Bb4a5][%mdl 32] Threatens to win with c5.} a5 15. f3 Bf5 16. Bd2 O-O 17. c5 Qd8 18. bxa5 e5 19. g3 Nd5 (19... b5 $5 {[%cal Rb5a4]} 20. cxb6 Qxb6 $14) 20. Rc1 Re8 21. Bg2 Ne3 22. Bxe3 Rxa5 23. Qb4 {[#] And now Bd2 would win.} Rb5 24. Qd2 dxe3 25. Qxe3 Qa5+ 26. Kf2 Qxa2 27. Rhd1 {Strongly threatening d7.} f6 28. g4 $40 {[%mdl 128] White attacks.} Rb3 (28... Bd7 $14) 29. Rc3 $16 Rxc3 30. Qxc3 Bd7 31. Ra1 Qf7 32. Rb1 Bc8 33. e4 h5 34. h3 Qa2+ 35. Rb2 Qa1 36. Bf1 (36. gxh5 $18 Be6 37. Kg3) 36... h4 37. Qd2 (37. Bc4+ $142 Kh7 38. Kg2) 37... Qa3 (37... Be6 $16 {keeps fighting.}) 38. Kg2 $2 ({Better is} 38. Qb4 $18 Qxb4 39. Rxb4) 38... Rd8 (38... Be6 $1 $14) 39. Qf2 ({White should try} 39. Qb4 $16 Qe3 40. Qb3+ Qxb3 41. Rxb3) 39... g5 $11 40. Ra2 Qc1 41. Ra8 Rf8 {The position is equal.} 42. Qa2+ Kg7 43. Qb3 Qd2+ 44. Kg1 Qd4+ {[%mdl 64] [#] Double Attack} 45. Kg2 {Black must now prevent Rxc8!} Qd2+ 46. Kg1 {Rxc8! is the strong threat.} Qd4+ {[%mdl 64] Double Attack} 47. Kg2 Qd2+ 48. Kg1 {Hoping for Rxc8!} Qd4+ {[%mdl 64] Double Attack. Accuracy: White = 49%, Black = 60%.} 1/2-1/2

[Event "2nd Thailand Pattaya Open 2019"]
[Site "Pattaya"]
[Date "2019.10.29"]
[Round "8.3"]
[White "Khumnorkaew, Tupfah"]
[Black "Schebler, Gerhard"]
[Result "1/2-1/2"]
[WhiteElo "2048"]
[BlackElo "2398"]
[Annotator "TA"]
[PlyCount "100"]
[EventDate "2019.10.23"]
[EventType "swiss"]
[EventCountry "THA"]
[SourceTitle "playchess.com"]
[Source "ChessBase"]
[SourceQuality "1"]

{[%evp 15,100,-34,-23,-37,-40,-50,-56,-44,-34,-35,-33,-47,-43,-33,-45,-54,-43,-69,-23,-18,-36,-57,-52,-44,-46,-47,-49,-56,-29,-117,-113,-122,-115,-124,-110,-120,-127,-133,0,0,0,0,0,0,0,0,10,7,23,0,2,0,0,0,0,0,0,0,187,199,817,809,997,938,1966,1927,1689,1322,1633,8,8,0,0,0,0,0,0,0,0,0,0,0,0,0,0,0,0]} 1. e4 c5 2. Nc3 Nc6 3. Nge2 g6 4. g3 Bg7 5. Bg2 e6 6. d3 Nge7 7. O-O O-O 8. f4 d6 9. h3 $146 {B25: Closed Sicilian: 3 g3, lines without early Be3} (9. Be3 Nd4 10. Qd2 Rb8 11. Nd1 b5 12. g4 f5 13. gxf5 exf5 14. c3 Nxe2+ 15. Qxe2 Qc7 16. Nf2 Re8 17. Nh3 h6 18. Qf2 Be6 19. e5 {½-½ (48) Rahls,P (2238)-Faibisovich,V (2312) Dresden 2018}) ({Predecessor:} 9. g4 f5 10. h3 {0-1 (27) Anasetti,A (2026)-Von Wersch,O (2160) IECG email 1996}) 9... Rb8 10. g4 f5 11. Ng3 {Black is slightly better.} Nd4 12. Nce2 b5 13. c3 Nxe2+ 14. Qxe2 b4 15. Bd2 bxc3 16. Bxc3 Nc6 {Threatens to win with ...Nd4.} 17. Bxg7 Kxg7 18. exf5 Nd4 {[%mdl 64] Double Attack} 19. Qd2 exf5 20. g5 Qb6 $36 {[%mdl 2048] Black has some pressure.} 21. b3 Ba6 22. Kh2 (22. Ne2 $11) 22... Qb4 23. Qxb4 Rxb4 24. Rae1 Bxd3 25. Re7+ {[#]} Rf7 $1 {[%cal Rf7e7]} 26. Rfe1 Be4 (26... c4 $17 27. Bd5 Rxe7 28. Rxe7+ Kf8) 27. Rxf7+ $11 Kxf7 28. Nxe4 fxe4 29. Bxe4 {[%mdl 4096] Endgame KRB-KRN} Kf8 30. h4 Rb8 31. Bd5 Nf5 32. Kh3 Rb4 33. Re4 a5 34. Kg4 Ne7 35. Rxb4 $1 axb4 {KB-KN} 36. Be6 Kg7 $2 (36... Nc6 $1 $11) 37. h5 $18 gxh5+ $2 (37... h6) 38. Kxh5 Ng6 {[#]} 39. Kg4 $1 h6 40. gxh6+ Kxh6 41. Kf5 Kg7 42. Bc4 $2 (42. Bd5 $18 c4 43. Bxc4) 42... Nf8 $1 $11 {The position is equal.} 43. Ke4 {Hoping for Kd5.} Kf6 44. Kd5 Ke7 45. f5 {Black must now prevent f6+!} Nd7 46. Kc6 Nf6 47. Be6 Ne4 48. Bd5 Nf6 49. Be6 Ng4 50. Bd5 Nf6 {Accuracy: White = 55%, Black = 56%.} 1/2-1/2

[Event "2nd Thailand Pattaya Open 2019"]
[Site "Pattaya"]
[Date "2019.10.29"]
[Round "8.4"]
[White "Kananub, Warot"]
[Black "Quizon, Daniel"]
[Result "0-1"]
[WhiteElo "2206"]
[BlackElo "2329"]
[Annotator "TA"]
[PlyCount "78"]
[EventDate "2019.10.23"]
[EventType "swiss"]
[EventCountry "THA"]
[SourceTitle "playchess.com"]
[Source "ChessBase"]
[SourceQuality "1"]

{[%evp 22,122,37,20,65,39,57,57,61,53,60,60,83,79,67,30,12,20,38,36,41,41,41,41,42,0,0,0,0,0,43,40,33,37,79,22,25,24,64,-23,-14,-25,-33,-173,-127,-342,-341,-573,-320,-304,-304,-305,-264,-273,-268,-275,-246,-272,-206,-212,-208,-296,-304,-281,-289,-301,-297,-304,-279,-291,-285,-272,-281,-270,-226,-389,-385,-583,-581,-545,-414,-397,-397,-395,-421,-391,-375,-353,-304,-566,-551,-631,-544,-1341,-1187,-1310,-1261,-768,-683,-1449,-1541,-29988,-29987]} 1. d4 Nf6 2. c4 g6 3. Nc3 Bg7 4. e4 d6 5. Nf3 O-O 6. Be2 e5 7. Be3 exd4 8. Nxd4 Re8 9. f3 Nc6 10. O-O Nh5 11. Qd2 Nf4 12. Rfd1 Nxe2+ {E94: King's Indian: Classical: 6 Be2 e5 7 0-0: Various Black 7th moves} (12... Nxd4 13. Bxd4 Bxd4+ 14. Qxd4 Nxe2+ 15. Nxe2 b6 16. Nc3 Bb7 17. Nd5 Bxd5 18. cxd5 Qg5 19. Rac1 Rac8 20. Qd2 Qe5 21. Qd4 Qg5 22. Qd2 Qe5 23. Qd4 Qg5 24. Qd2 {½-½ (24) Mamedyarov,S (2772)-Radjabov,T (2710) Shamkir 2017}) 13. Qxe2 Bd7 $146 ({Predecessor:} 13... Nxd4 14. Bxd4 Bd7 15. Qd2 Bc6 16. Rac1 h5 17. Nd5 Bxd5 18. cxd5 Bxd4+ 19. Qxd4 b6 20. Rc4 {1-0 (54) Krivoshey,S (2501)-Sorkin,I (2351) Dos Hermanas 2004}) 14. Rac1 Ne5 {White is slightly better.} 15. b3 b6 16. Qd2 a5 17. Nd5 a4 18. b4 c6 19. Nf4 $1 c5 20. Nde2 b5 21. cxb5 Bxb5 22. bxc5 ({Weaker is} 22. Qxd6 Qxd6 23. Rxd6 Nc4 $17) 22... Nc4 23. Qd3 (23. Rxc4 $5 Bxc4 24. cxd6 $14) 23... dxc5 $1 24. Qxd8 Rexd8 25. Bxc5 Bb2 26. Rb1 Rxd1+ 27. Rxd1 a3 28. Bd4 (28. Nd5 $16) 28... Ba4 $11 29. Re1 Rb8 30. Bc3 (30. Nc3 $14) 30... Ne3 31. Nd3 Nd1 $36 {[%mdl 2048] Black has good play.} 32. Be5 ({White should try} 32. Ba5 $1 $15) 32... Rd8 33. Nc5 $2 (33. Nef4 $17 Bxe5 34. Nxe5) 33... Bb5 $19 34. Bc7 $2 (34. Bf4 Bxe2 35. Rxe2) 34... Rc8 35. Bd6 Bxe2 36. Rxe2 Nc3 37. Rd2 Nxa2 {aiming for ...Nc1.} 38. Nd3 Nc3 {White must now prevent ...a2.} 39. Nb4 Nb5 {Played: Rc8-d8} 0-1